000 00630nam a2200205 i 4500
001 57432
003 ES-MaACL
005 20230906163557.0
007 t|
008 031016s1969 sp ||||1| spa d
100 1 _aDorfles, Gillo.
_945398
245 1 0 _aNuevos ritmos, nuevos mitos /
_cGillo Dorfles ; traducción de Alejandro Saderman.
260 _aBarcelona :
_bLumen,
_c[1969]
300 _a310 p., 12 lám. ;
_c18 cm.
490 1 _aPalabra en el tiempo ;
_v47
700 1 _aSaderman, Alejandro.
_9101280
830 0 _aPalabra en el tiempo ;
_v47
_9177857
852 _aES-MaACL
_jC-51805
_bR.71282
999 _c57432
_d57432